Kabale University Library Catalogue

Actively seeking work? : (Record no. 6084)

MARC details
000 -LEADER
fixed length control field 01356pam a2200313 a 4500
005 - DATE AND TIME OF LATEST TRANSACTION
control field 20260205152250.0
008 - FIXED-LENGTH DATA ELEMENTS--GENERAL INFORMATION
fixed length control field 940628s1995 ilu b 001 0 eng
020 ## - INTERNATIONAL STANDARD BOOK NUMBER
International Standard Book Number 0226436217
020 ## - INTERNATIONAL STANDARD BOOK NUMBER
International Standard Book Number 0226436225
020 ## - INTERNATIONAL STANDARD BOOK NUMBER
International Standard Book Number 9780226436227
040 ## - CATALOGING SOURCE
Original cataloging agency KABLIB
Transcribing agency KABLIB
Description conventions rda
082 00 - DEWEY DECIMAL CLASSIFICATION NUMBER
Classification number 333.13
Edition number 23
Item number KIN
100 1# - MAIN ENTRY--PERSONAL NAME
Personal name King, Desmond S.
9 (RLIN) 15449
245 10 - TITLE STATEMENT
Title Actively seeking work? :
Remainder of title the politics of unemployment and welfare policy in the United States and Great Britain /
Statement of responsibility, etc. Desmond King.
260 ## - PUBLICATION, DISTRIBUTION, ETC.
Place of publication, distribution, etc. Chicago :
Name of publisher, distributor, etc. University of Chicago Press,
Date of publication, distribution, etc. c1995.
300 ## - PHYSICAL DESCRIPTION
Extent xvi, 331 p. ;
Dimensions 23 cm.
504 ## - BIBLIOGRAPHY, ETC. NOTE
Bibliography, etc. note Includes bibliographical references (p. 297-316), index.
650 #0 - SUBJECT ADDED ENTRY--TOPICAL TERM
Topical term or geographic name entry element Full employment policies
Geographic subdivision Great Britain.
9 (RLIN) 15450
650 #0 - SUBJECT ADDED ENTRY--TOPICAL TERM
Topical term or geographic name entry element Full employment policies
Geographic subdivision United States.
9 (RLIN) 15406
650 #0 - SUBJECT ADDED ENTRY--TOPICAL TERM
Topical term or geographic name entry element Welfare recipients
General subdivision Employment
Geographic subdivision Great Britain.
9 (RLIN) 15451
650 #0 - SUBJECT ADDED ENTRY--TOPICAL TERM
Topical term or geographic name entry element Welfare recipients
General subdivision Employment
Geographic subdivision United States.
9 (RLIN) 15452
650 #0 - SUBJECT ADDED ENTRY--TOPICAL TERM
Topical term or geographic name entry element Hard-core unemployed
Geographic subdivision Great Britain.
9 (RLIN) 15453
650 #0 - SUBJECT ADDED ENTRY--TOPICAL TERM
Topical term or geographic name entry element Hard-core unemployed
Geographic subdivision United States.
9 (RLIN) 15454
650 #0 - SUBJECT ADDED ENTRY--TOPICAL TERM
Topical term or geographic name entry element Public welfare
Geographic subdivision Great Britain.
9 (RLIN) 15455
650 #0 - SUBJECT ADDED ENTRY--TOPICAL TERM
Topical term or geographic name entry element Public welfare
Geographic subdivision United States.
9 (RLIN) 15456
856 42 - ELECTRONIC LOCATION AND ACCESS
Materials specified Publisher description
Uniform Resource Identifier <a href="http://www.loc.gov/catdir/description/uchi051/94027883.html">http://www.loc.gov/catdir/description/uchi051/94027883.html</a>
856 41 - ELECTRONIC LOCATION AND ACCESS
Materials specified Table of contents
Uniform Resource Identifier <a href="http://www.loc.gov/catdir/toc/uchi051/94027883.html">http://www.loc.gov/catdir/toc/uchi051/94027883.html</a>
942 ## - ADDED ENTRY ELEMENTS (KOHA)
Source of classification or shelving scheme Dewey Decimal Classification
Koha item type Book
Holdings
Withdrawn status Lost status Source of classification or shelving scheme Damaged status Not for loan Home library Current library Shelving location Date acquired Source of acquisition Total Checkouts Full call number Barcode Date last seen Price effective from Koha item type
    Dewey Decimal Classification     Mukombe Library Mukombe Library Open Access Section 05.02.2026 Donation   333.13 KIN 14556 05.02.2026 05.02.2026 Book

Kabale University Library | Kabale University P.O Box 317, Kabale, Uganda
Tel : +256754017033, +256774661503 E-mail : library@kab.ac.ug